000 01278nam a22002537a 4500
001 3497
003 FISKH
005 20240917140127.0
008 240313b cb ||||| |||| 00| 0 eng d
020 _a9781406337464
040 _aFISK
_beng
_cFISK
_dFISK
050 _aPZ7.A448
082 _a823.92
100 _aAlmond David
_d1951-
245 _aThe boy who swam with piranhas /
_cDavid Almond
260 _aLondon :
_bWalker Books Ltd,
_c2013
300 _a243 pages :
_billustrations,
_c21 cm
505 _aK
520 _a"Stanley Potts's uncle Ernie has developed an over-the-top fascination with canning fish in the house, and life at 69 Fish Quay Lane has turned balmy. But there's darkness in the madness, and when Uncle Ernie's obsession takes an unexpectedly cruel turn, Stan has no choice but to leave. As he journeys away from the life he's always known, he mingles with a carnival full of eccentric characters and meets the legendary Pancho Pirelli, the man who swims in a tank full of perilous piranhas. Will Stan be bold enough to dive in the churning waters himself and choose his own destiny?"--Description from Amazon.com, viewed July 31, 2013.
521 8 _a550
_bLexile
700 _aDavid Almond
942 _2ddc
_cBK
_n0
999 _c3497
_d3497